MARC

LEADER 00000nam0a2200000 4500
001 21300
005 20231101205422.0
035 |a (RuTPU)RU\TPU\book\21498 
035 |a BOOK00006191 
090 |a 21300 
100 |a 20011209d1957 km y0rusy50 ca 
101 0 |a rus 
102 |a SU 
105 |a a z 000сy 
200 1 |a Китайское искусство  |e Очерки  |f П. А. Белецкий 
210 |a Киев  |c Изомузгиз  |d 1957 
215 |a 162 с.  |c ил. 
606 1 |a Восточное и азиатское искусство  |2 stltpush  |3 (RuTPU)RU\TPU\subj\3719  |9 32093 
610 1 |a искусство 
610 1 |a изобразительное искусство 
610 1 |a Китай 
610 1 |a история 
610 1 |a 3 тыс. до н.э. 
610 1 |a 6 век 
610 1 |a 7 век 
610 1 |a 8 век 
610 1 |a 9 век 
610 1 |a 10 век 
610 1 |a 11 век 
610 1 |a 12 век 
610 1 |a 13 век 
610 1 |a 14 век 
610 1 |a 15 век 
610 1 |a 16 век 
610 1 |a 17 век 
610 1 |a 18 век 
610 1 |a 19 век 
675 |a 7.032.1  |v 3 
700 1 |a Белецкий  |b П. А.  |g Платон Александрович 
801 0 |a RU  |b 63413507  |c 20011209  |g PSBO 
801 2 |a RU  |b 63413507  |c 20221103  |g PSBO 
900 |a Мировая культура и искусство 
942 |c BK